Bài giảng phân tích hệ thống

Bài giảng cung cấp những kiến thức cơ bản về hệ thống thông tin, cách tiếp cận để tìm hiểu một hệ thống thông tin, các phương pháp điểu tra và các công cụ để tổng hợp kết quả điều tra nhằm mô tả hệ thống thông tin, cách thức thiế...

ver descrição completa

Na minha lista:
Detalhes bibliográficos
Autor principal: Đinh, Khắc Quyền
Formato: Livro
Idioma:Undetermined
Publicado em: Cần Thơ Trường Đại học Cần Thơ 2000
Assuntos:
Tags: Adicionar Tag
Sem tags, seja o primeiro a adicionar uma tag!
Thư viện lưu trữ: Trung tâm Học liệu Trường Đại học Cần Thơ
LEADER 01026nam a2200193Ia 4500
001 CTU_39098
008 210402s9999 xx 000 0 und d
082 |a 004.21 
082 |b Qu527 
100 |a Đinh, Khắc Quyền 
245 0 |a Bài giảng phân tích hệ thống 
245 0 |c Đinh Khắc Quyền (Biên soạn) 
260 |a Cần Thơ 
260 |b Trường Đại học Cần Thơ 
260 |c 2000 
520 |a Bài giảng cung cấp những kiến thức cơ bản về hệ thống thông tin, cách tiếp cận để tìm hiểu một hệ thống thông tin, các phương pháp điểu tra và các công cụ để tổng hợp kết quả điều tra nhằm mô tả hệ thống thông tin, cách thức thiết kế một hệ thống thông tin. 
650 |a Management information,Systems analysis,Systems design 
904 |i Minh 
980 |a Trung tâm Học liệu Trường Đại học Cần Thơ